Los primeros billetes españoles : (Record no. 14906)

MARC details
000 -LEADER
campo de control de longitud fija 00894nam a2200253 i 4500
001 - NÚMERO DE CONTROL
campo de control 14906
003 - IDENTIFICADOR DE NÚMERO DE CONTROL
campo de control ES-MaACL
005 - FECHA Y HORA DE LA ÚLTIMA TRANSACCIÓN
campo de control 20250630032852.0
007 - CAMPO FIJO DE DESCRIPCIÓN FÍSICA--INFORMACIÓN GENERAL
campo de control de longitud fija t|
008 - DATOS DE LONGITUD FIJA--INFORMACIÓN GENERAL
campo de control de longitud fija 991117s1997 sp ||||1| spa d
020 ## - NÚMERO INTERNACIONAL ESTÁNDAR DEL LIBRO
Número Internacional Estándar del Libro 84-7793-562-9
080 ## - NÚMERO DE LA CLASIFICACIÓN DECIMAL UNIVERSAL
Número de la Clasificación Decimal Universal 336.747.1(460)"17/18"
100 1# - ENTRADA PRINCIPAL--NOMBRE DE PERSONA
Nombre de persona Tortella Casares, Teresa.
9 (RLIN) 111080
245 14 - MENCIÓN DEL TÍTULO
Título Los primeros billetes españoles :
Resto del título las "cédulas" del Banco de San Carlos (1782-1829) /
Mención de responsabilidad, etc. Teresa Tortella.
260 ## - PUBLICACIÓN, DISTRIBUCIÓN, ETC.
Lugar de publicación, distribución, etc. [Madrid] :
Nombre del editor, distribuidor, etc. Banco de España,
Fecha de publicación, distribución, etc. 1997.
300 ## - DESCRIPCIÓN FÍSICA
Extensión 158 p. :
Otras características físicas il. col. ;
Dimensiones 28 cm.
504 ## - NOTA DE BIBLIOGRAFÍA, ETC.
Nota de bibliografía, etc. Fuentes documentales y bibliográficas: p. 149-154.
610 2# - PUNTO DE ACCESO ADICIONAL DE MATERIA--NOMBRE DE ENTIDAD CORPORATIVA
Nombre de entidad corporativa o nombre de jurisdicción como elemento de entrada Banco de San Carlos (España)
9 (RLIN) 2113
650 #4 - PUNTO DE ACCESO ADICIONAL DE MATERIA--TÉRMINO DE MATERIA
Término de materia o nombre geográfico como elemento de entrada Billetes de banco-
Subdivisión geográfica España-
Subdivisión cronológica S.XVIII.
9 (RLIN) 173889
650 #4 - PUNTO DE ACCESO ADICIONAL DE MATERIA--TÉRMINO DE MATERIA
Término de materia o nombre geográfico como elemento de entrada Billetes de banco-
Subdivisión geográfica España-
Subdivisión cronológica S.XIX.
9 (RLIN) 173890
710 2# - ENTRADA AGREGADA--NOMBRE DE ENTIDAD CORPORATIVA
Nombre de entidad corporativa o nombre de jurisdicción como elemento de entrada Banco de España
9 (RLIN) 2104
852 4# - LOCALIZACIÓN
Ubicación ES-MaACL
Número de control de estantería L-22109
Holdings
Estatus retirado Estado de pérdida Estado de daño No para préstamo Biblioteca de origen Biblioteca actual Ubicación en estantería Fecha de adquisición Fuente de adquisición Total de préstamos Signatura topográfica completa Código de barras Visto por última vez Precio de reemplazo Tipo de ítem Koha
        Biblioteca del Ateneo de Madrid Biblioteca del Ateneo de Madrid Depósito 2 17/01/2008     L-22109 1015157 23/02/2023 23/02/2023 Libro impreso